000 00536nam a22001457a 4500
003 0
005 20160609172356.0
008 130813t xxu||||| |||| 00| 0 eng d
040 _aBUAC
_bFr
_cBEPAC
100 _aADJOUDEME, Détongnon Rodrigue Déogracias
_926607
245 _aLes conflits hommes- carnivores autour de la réserve transfrontalière de biosphère du W, nord Bénin
_cADJOUDEME, Détongnon Rodrigue Déogracias
260 _aAbomey-Calavi
_bEcole Polytechnique d’Abomey-Calavi
_c2007
300 _a58 p.
942 _cTHE
999 _c52802
_d52802